000 01165nam a2200325 i 4500
001 000021778
003 DO-SdBNP
005 20241002102857.0
007 ta
008 100913t1969 dr ac 001 0 spa d
040 _aDO-SdBNP
_bspa
_cBNPHU
_erda
082 _a616.0759
_bA385t
_222
100 1 _aAlfau Cambiaso, Rafael
_eautor
_925890
245 1 0 _aTécnicas de necropsias y nociones histológicas /
_cRafael Alfau Cambiaso ; prólogo Raul Contreras Rodríguez.
264 _aSanto Domingo :
_bUASD,
_c1969.
300 _a117 páginas :
_bilustraciones retratos. ;
_c23 cm.
336 _ardacontent
_btexto
_2txt
337 _ardamedia
_bsin mediación
_2n
338 _brdacarrier
_0volumen
_2nc
500 _aBibliografía : p. 115-117
590 _aInventariado, 2018/LP
650 4 _aAutopsia
_xTécnicas
_931211
650 4 _aBiopsia
_xTécnicas
_931212
650 4 _aPatología forense
_xTécnicas
_931213
650 4 _aHistología patológica
_xMétodos
_931214
700 1 _aContreras Rodríguez, Raúl,
_eprólogo
_931215
710 1 _aUniversidad Autónoma de Santo Domingo
_972951
910 _aValidado. Control de calidad EMS.
942 _2ddc
_cLBS1
999 _c21277
_d21277